Marad a központi igazgatás Beszélgetés Szigeti László képviselővel, az MKDM alelnökével az oktatási törvény módosításáról

Bibliographic Details
Main Authors: Szigeti, László, 1957-2022 (Author), Horváth, Gabriella, 1966- (Author)
Format: Article
Language:Hungarian
PhysicalDescription:Fotogr. 2
Subjects:

MARC

LEADER 00000nab a2200000 a 4500
001 vtls000646546
003 SK-MaSNL
005 20260319075646.0
008 160401c1997 xo 0 hun
015 |a SNBRB19rr/mm-uuuuu 
035 |a CL0646685 
040 |a SNKBUCL  |b slo  |c SNKBUCL  |e AACR2 
041 0 |a hun 
044 |a xo  |c SK 
080 |a 371(437.6)  |2 1981 
100 1 |a Szigeti, László,  |d 1957-2022  |4 aut  |9 218498 
245 1 0 |a Marad a központi igazgatás  |b Beszélgetés Szigeti László képviselővel, az MKDM alelnökével az oktatási törvény módosításáról  |c László Szigeti, Gabriella Horváth 
300 |b Fotogr. 2 
650 0 7 |a školstvo  |2 snkbucl  |9 19712 
655 7 |a články z novín a časopisov  |2 snkbucl  |9 267496 
700 1 |a Horváth, Gabriella,  |d 1966-  |4 aut  |9 222622 
773 0 |t Új szó  |g Roč. 50, č. 293 (20. 12. 1997), s. 5 
850 |a Slovenská národná knižnica v Martine  |a DSG001 
852 |a SNK  |b KIS3GCP 
958 |a HU 
958 |a SK 
958 |a RK 
999 |c 1417451  |d 1419381